MARC

LEADER 00000nab a2200000 a 4500
001 vtls010332604
003 SK-MaSNL
005 20260305042829.0
008 120102 2011 xo e 000 0 slo
038 |a PPPK 
040 |a PPPKCL  |b slo  |c PPPK  |e AACR2 
041 0 |a slo 
044 |a xo  |c SK 
080 |a 37.011.3-051  |2 2001 
080 |a 316.4.063.3  |2 2001 
080 |a 371.214.112  |2 2001 
245 0 0 |a Pre lepšiu znalosť Tatier školopovinných detí  |c [autor] (ija) 
610 2 7 |a Múzeum Tatranského národného parku (Tatranská Lomnica, Slovensko)  |2 pppkcl  |9 55568 
650 0 7 |a učitelia  |2 pppkcl  |9 3995 
650 0 7 |a základné školy  |2 pppkcl  |9 1280 
650 0 7 |a cezhraničná spolupráca  |2 pppkcl  |9 4908 
650 0 7 |a učebné osnovy  |2 pppkcl  |9 4071 
650 0 7 |a workshopy  |2 pppkcl  |9 26475 
651 7 |a Tatranská Lomnica (Vysoké Tatry, Slovensko)  |2 pppkcl  |9 160914 
651 7 |a Poprad (Slovensko : okres)  |2 pppkcl  |9 28675 
651 7 |a Poľsko  |2 pppkcl  |9 16755 
773 0 |t Tatranský dvojtýždenník  |g Roč. XXII, č. 24-25 (2011), s. 17 a 21 
852 |a PPPK  |b KIS3GCP 
999 |c 3351213  |d 3353143